000 00533nam a2200169Ia 4500
003 GCL
008 140319s9999 xx 000 0 ara d
040 _aGCL /
_cGCL
082 0 4 _a346.03
_bم ع
100 1 _aمحمد نصرالدين كامل
245 1 0 _aعوارض الخصومة /
_cمحمد نصرالدين كامل
260 _a[S.N] :
_bمنشاة المعارف الاسلامية ،
_c1990
300 _a415 ص
490 _aسلسلة الكتب القانونية
_v0
650 0 4 _aالقانون
942 _2ddc
_cBK
999 _c42419
_d42419